El arte de la lengua de Chile de Luis de Valdivia / (Registro nro. 41935)
[ vista simple ]
| 000 -CABECERA | |
|---|---|
| campo de control de longitud fija | 00999nam a2200205 a 4500 |
| 001 - NÚMERO DE CONTROL | |
| campo de control | 000042446 |
| 005 - FECHA Y HORA DE LA ÚLTIMA TRANSACCIÓN | |
| campo de control | 20201002040149.0 |
| 008 - DATOS DE LONGITUD FIJA--INFORMACIÓN GENERAL | |
| campo de control de longitud fija | 131203s2007 sp 000 0 spa d |
| 020 ## - NÚMERO INTERNACIONAL ESTÁNDAR DEL LIBRO | |
| Número Internacional Estándar del Libro | 6798483470534 |
| 040 ## - FUENTE DE LA CATALOGACIÓN | |
| Centro catalogador/agencia de origen | DO-SdBNP |
| Lengua de catalogación | spa |
| Centro/agencia transcriptor | BNPHU |
| 100 1# - ENTRADA PRINCIPAL--NOMBRE DE PERSONA | |
| Nombre de persona | Ridruejo Alonso, Emilio |
| 9 (RLIN) | 69603 |
| 245 10 - MENCIÓN DE TÍTULO | |
| Título | El arte de la lengua de Chile de Luis de Valdivia / |
| Mención de responsabilidad, etc. | Emilio Ridruejo. |
| 246 14 - FORMA VARIANTE DE TÍTULO | |
| Título propio/Titulo breve | Arte y gramática general de la lengua que corre en todo el reyno de Chile |
| 260 ## - PUBLICACIÓN, DISTRIBUCIÓN, ETC. | |
| Lugar de publicación, distribución, etc. | Madrid : |
| Nombre del editor, distribuidor, etc. | Agencia Española de Cooperación Internacional, |
| Fecha de publicación, distribución, etc. | 2007. |
| 300 ## - DESCRIPCIÓN FÍSICA | |
| Extensión | 197 p. |
| 500 ## - NOTA GENERAL | |
| Nota general | Título en la cubierta : Arte y gamática general de la lengua que corre en todo el reyno de Chile |
| 580 ## - NOTA DE RELACIÓN COMPLEJA | |
| Nota de relación compleja | Estudio del facsímil de : Arte y gramática general de la lengua que corre en todo el reyno de Chile con vocavulario y confesionario compuesto por el padre Luys de Valdivia, editado en un estuche junto con el facsímil |
| 600 2# - PUNTO DE ACCESO ADICIONAL DE MATERIA--NOMBRE DE PERSONA | |
| Nombre de persona | Valdivia, Luis de |
| Fechas asociadas al nombre | 1561-1642 |
| 9 (RLIN) | 69604 |
| 650 #4 - PUNTO DE ACCESO ADICIONAL DE MATERIA--TÉRMINO DE MATERIA | |
| Término de materia o nombre geográfico como elemento de entrada | Araucano (lengua) |
| 9 (RLIN) | 69605 |
| Estado de retiro | Estado de pérdida | Restricciones de uso | No para préstamo | Código de colección | Localización permanente | Ubicación/localización actual | Ubicación en estantería | Fecha de adquisición | Número de inventario | Total de préstamos | Signatura topográfica completa | Código de barras | Fecha visto por última vez | Precio válido a partir de | Tipo de ítem Koha | Número de copia |
|---|---|---|---|---|---|---|---|---|---|---|---|---|---|---|---|---|
| Excluido de préstamo | Monografías: Libros y Folletos | General | General | Depósito | 03.12.2013 | LF1 | 42446-10 | 25.06.2020 | 25.06.2020 | No se presta | ||||||
| Excluido de préstamo | Monografías: Libros y Folletos | General | General | Depósito | 03.12.2013 | LF1 | 42446-20 | 25.06.2020 | 25.06.2020 | No se presta | e. 2 |
